| 000 | 00890nmm a2200265 a 4500 | ||
|---|---|---|---|
| 001 | ocm0001061981 | ||
| 003 | TR-IsHL | ||
| 005 | 20201028151316.0 | ||
| 008 | 150709s2014 tu tur | ||
| 007 | cr cn | ||
| 035 |
_a1061981 _b(N$T) |
||
| 050 | 0 | 4 |
_aDF801 _b.T36 2014 |
| 090 | 0 | 4 |
_aDF801 _b.T36 2014 |
| 100 | 1 | _aTaneli, Baha | |
| 245 | 1 | 0 |
_aDedelerimin yaşadığı Balkan şehri: Drama _h[electronic resource] / _cBaha Taneli |
| 250 | _a2011 baskısına eklenen bilgilerle geliştirilmiş yeni düzenleme | ||
| 260 |
_aİzmir : _bNevbahar Taneli Kitaplığı, _c2014 |
||
| 300 | _a152 p. | ||
| 650 | 4 | _aTarih | |
| 650 | 4 | _aHistory | |
| 650 | 0 |
_aDrama, Yunanistan _x Tarih |
|
| 650 | 0 |
_aDrama, Greece _x History |
|
| 650 | 7 |
_aHISTORY / Europe / Eastern _2bisacsh |
|
| 856 | 4 | 0 | _uhttp://search.ebscohost.com/login.aspx?direct=true&scope=site&db=e011xww&AN=1061981 |
| 999 |
_c10939 _d10939 |
||